ბათუმის შოთა რუსთაველის სახელმწიფო უნივერსიტეტის ბიბლიოთეკა

წმინდა მეფე დავით აღმაშემებელი. წ. 2 / (ბიბ.ჩანაწერი № 42418)

000 -ლიდერი
ფიქსირებული სიგრძის საკონტროლო ველი 01952nam a2200301Ia 4500
001 - საკონტროლო ნომერი
საკონტროლო ველი 9114
003 - საკონტროლო ნომრის იდენტიფიკატორი
საკონტროლო ველი GE_BSU
005 - ბოლო ოპერაციის თარიღი და დრო
საკონტროლო ველი 20240604151110.0
008 - ფიქსირებული სიგრძის მონაცემთა ელემენტები - ზოგადი ინფორმაცია
ფიქსირებული სიგრძის საკონტროლო ველი 181216s2014||||ge |||||||||||||| ||geo||
020 ## - წიგნის საერთაშორისო სტანდარტული ნომერი
International Standard Book Number 9789941215254
040 ## - კატალოგიზაციის წყარო
Transcribing agency GE_BSU
041 ## - ენის კოდი
Language code of text/sound track or separate title geo
080 ## - უნივერსალური ათობითი კლასიფიკაციის ინდექსი
Universal Decimal Classification number 929.731(479.22)+27-36(479.22) წ–71
245 ## - ცნობა სათაურის შესახებ
Title წმინდა მეფე დავით აღმაშემებელი. წ. 2 /
Statement of responsibility, etc შემდგ. კახაბერ კენკიშვილი ; პროექტის რედ. თამარ მამაცაშვილი ; მოსე ჯანაშვილი, თამარ სონღულაშვილი, ანანია ; რედ. თამარ მამაცაშვილი.
264 ## - წარმოების, გამოცემის, დისტრიბუციის და სხვა ცნობები
გამოცემის, წარმოების, დისტრიბუციის... ადგილი თბილისი :
გამოცემის, წარმოების, დისტრიბუციის... სახელწოდება პალიტრა L,
გამოცემის, წარმოების, დისტრიბუციის... თარიღი 201.
300 ## - ფიზიკური აღწერა
Extent 205 გვ. :
Other physical details ილ. ;
Dimensions 20სმ.
490 ## - სერიის ცნობა
Series statement საქართველოს იმედი : ყველა წმინდანი, რომელთა შესახებაც უნდა იცოდე, 2298-0547 / პროექტის რედ. თამარ მამაცაშვილი ;
Volume number/sequential designation წ. 39
500 ## - ზოგადი შენიშვნა
General note იბეჭდება სრ. საქ. კათოლიკოს-პატრიარქის ილია II-ის ლოცვა-კურთხევით
504 ## - BIBLIOGRAPHY, ETC. NOTE
Bibliography, etc ბიბლიოგრაფია გვ. 204
653 ## - INDEX TERM--UNCONTROLLED
Uncontrolled term წმინდა მეფე დავით აღმაშემებელი
700 ## - ADDED ENTRY--PERSONAL NAME
Personal name ჯანაშვილი, მოსე
Relator term ავტორი
9 (RLIN) 22315
700 ## - ADDED ENTRY--PERSONAL NAME
Personal name სონღულაშვილი, ჯუანშერ
Relator term ავტორი
9 (RLIN) 22316
700 ## - ADDED ENTRY--PERSONAL NAME
Personal name ანანია
Relator term ავტორი
9 (RLIN) 22317
700 ## - ADDED ENTRY--PERSONAL NAME
Personal name მამაცაშვილი, თამარ
Relator term რედაქტორი
9 (RLIN) 22318
710 ## - ADDED ENTRY--CORPORATE NAME
Relator code .
942 ## - ADDED ENTRY ELEMENTS (KOHA)
Koha item type წიგნი
Source of classification or shelving scheme
ეგზემპლარები
ჩამოწერის სტატუსი დაკარგული ეგზემპლარის სტატუსი კლასიფიკაციის წყარო ან თაროზე გაწყობის სქემა დაზიანების სტატუსი არ გაიცემა მუდმივი მდებარეობა (დაცვის ადგილი) ამჟამინდელი ადგილსამყოფელი თაროზე განთავსების ადგილი შეძენის თარიღი ღირებულება, შესყიდვის ნორმალური ფასი სრული შენახვის შიფრი შტრიხკოდი ბოლო ოპერაციის თარიღი ეგზემპლარის მიმდევრობითი ნომერი (კეტერი?) ფასის ძალაში შესვლის თარიღი ეგზემპლარის სახეობა საჯარო შენიშვნა
          ბათუმის შოთა რუსთაველის სახელმწიფო უნივერსიტეტის მთავარი ბიბლიოთეკა ბათუმის შოთა რუსთაველის სახელმწიფო უნივერსიტეტის მთავარი ბიბლიოთეკა წიგნსაცავი 2018-12-17 3.00 929.731(479.22)+27-36(479.22) წ–71 26801 2018-12-17 26801 2018-12-17 წიგნი 3.00 ₾.